| 000 | 00607nam a2200193 a 4500 | ||
|---|---|---|---|
| 005 | 20241009063712.0 | ||
| 008 | 991125s1994 mx 000 0 spa u | ||
| 035 | _aUPN01000042690 | ||
| 049 | _aCG | ||
| 050 | 4 |
_aF1220 _bO73 |
|
| 245 | 0 | 0 |
_aOrden jurídico y control social / _ccomp. Diego Iturralde G. |
| 260 |
_aMéxico : _bINI, _c1994. |
||
| 300 | _a47 p. | ||
| 440 | 0 |
_aCuadernos de antropología jurídica ; _v6-II |
|
| 650 | 4 |
_aIndígenas de México _xSituación legal, leyes, etc. _98369 |
|
| 650 | 4 |
_aIndígenas de México _zSonora _922565 |
|
| 700 | 1 |
_aIturralde G., Diego, _ecomp. |
|
| 905 | _aLibro | ||
| 999 |
_c42690 _d42690 |
||